<La> nouvelle distribution marketing, management, développement
Uložené v:
| Hlavný autor: | |
|---|---|
| Médium: | Kniha |
| Jazyk: | French |
| Vydavateľské údaje: |
Paris
DUNOD
2006
|
| Vydanie: | 2e éd. |
| Edícia: | Stratégies et management
|
| Predmet: | |
| Tagy: |
Žiadne tagy, Buďte prvý, kto otaguje tento záznam!
|
MARC
| LEADER | 00000nam$a2200000$$$4500 | ||
|---|---|---|---|
| 001 | 0082443 | ||
| 005 | 20240314093133.4 | ||
| 020 | |a 2-10-049785-0 | ||
| 020 | |a 2-10-049785-5 | ||
| 041 | 0 | |a fre | |
| 044 | |a FR | ||
| 245 | 1 | 0 | |a <La> nouvelle distribution |b marketing, management, développement |c Cédric Ducrocq |
| 250 | |a 2e éd. | ||
| 264 | 1 | |a Paris |b DUNOD |c 2006 | |
| 300 | |a 205 s. | ||
| 490 | 1 | |a Stratégies et management | |
| 830 | 0 | |a Stratégies et management | |
| 610 | 2 | 0 | |a distribúcia |
| 610 | 2 | 0 | |a marketing |
| 610 | 2 | 0 | |a manažment |
| 610 | 2 | 0 | |a vývoj |
| 610 | 2 | 0 | |a modely |
| 610 | 2 | 0 | |a obchod |
| 610 | 2 | 0 | |a riadenie podnikové |
| 610 | 2 | 0 | |a firmy |
| 610 | 2 | 0 | |a politika obchodná |
| 610 | 2 | 0 | |a systémy informačné |
| 610 | 2 | 0 | |a kritika |
| 610 | 2 | 0 | |a globalizácia |
| 100 | 1 | |a Ducrocq, Cédric | |